000 00496 a2200181 4500
005 20150625155321.0
008 150624b xxu||||| |||| 00| 0 eng d
020 _a9788126443208
080 _aFM
_bCHA/A
100 _aChandramathi
_917650
245 _aAparnayude thadavarakal(aswathiyudethum)
260 _bDC Books
_aKottayam
_c2013
300 _a102p.
500 _aDC Sahityolsavam
653 _aFiction - Malayalam literature
653 _aNovels - Malayalam literature
942 _cBK
999 _c81312
_d81311